banner koha

Regulatory T cells in dogs with multicentric lymphoma: peripheral blood quantification at diagnosis and after initial stage chemotherapy (Registro n. 329456)

MARC details
000 -LÍDER
fixed length control field 04711nab a2200361 i 4500
003 - CÓDIGO MARC DA AGÊNCIA CATALOGADORA
Campo de controle BR-BrBNA
005 - DATA E HORA DA ÚLTIMA ATUALIZAÇÃO
Campo de controle 20241227131145.0
008 - CAMPO DE TAMANHO FIXO
fixed length control field 241227b2016 bl.|r|pooa||| 00| 0 eng |
040 ## - FONTE DA CATALOGAÇÃO
Agência catalogadora BR-BrBNA
Idioma da catalogação eng
072 ## - CATEGORIA AGRIS
Código AGRIS L73
Código do objeto 5400
072 ## - CATEGORIA AGRIS
Código AGRIS L70
100 ## - ENTRADA PRINCIPAL - NOME PESSOAL
Nome pessoal Munhoz, T.D.
100 ## - ENTRADA PRINCIPAL - NOME PESSOAL
Nome pessoal Anai, L.A.
100 ## - ENTRADA PRINCIPAL - NOME PESSOAL
Nome pessoal Fonseca, D.M.
100 ## - ENTRADA PRINCIPAL - NOME PESSOAL
Nome pessoal Semolin, L.M.
100 ## - ENTRADA PRINCIPAL - NOME PESSOAL
Nome pessoal Sueiro, F.R.
100 ## - ENTRADA PRINCIPAL - NOME PESSOAL
Nome pessoal Tinucci-Costa, M.
245 ## - TÍTULO PRINCIPAL
Título principal Regulatory T cells in dogs with multicentric lymphoma: peripheral blood quantification at diagnosis and after initial stage chemotherapy
500 ## - NOTA GERAL
Nota geral Publicação online; 25 ref.; 4 illus.; Summaries (En, Pt)
942 ## - ADDED ENTRY ELEMENTS (KOHA)
Koha item type Analítica
520 ## - NOTA DE RESUMO
Nota de conteúdo <br/><br/><br/>ABSTRACT - Lymphoma is the most common hematopoietic malignancy in dogs and one of the most frequent among all neoplastic diseases in this species. It can occur in several anatomical locations with distinct histological and immunophenotypes. Depending on the host immune response towards the tumor, prognosis information could be collected. Because its well established immunosuppressant, antitumor activity, the function of regulatory T cells (Tregs) in canine neoplasias has been investigated. In this study, we sought to quantify, using flow cytometry, the Tregs subpopulation in peripheral blood of healthy dogs (10) and in those diagnosed with type-B (14) and type-T (8) multicentric lymphoma before (at diagnosis) and after the first cycle (5-week) of 19-week Madison-Wisconsin (MW) protocol of chemotherapy. Our results indicated that dogs with lymphoma showed higher percentage of Tregs (18,84±2,56) when compared to healthy dogs (4,70±0,50) (P<0,01). In addition, 5-week chemotherapy treatment reduced the Tregs subpopulation (7,54±1,08) to levels similar to control (4,70±0,50) (P>0,05). There was no difference in Tregs percentage between B-type (17,45±2,77) and T-type (21,27±5,27) lymphoma (P>0,05). With this, we conclude that canine lymphoma increases Tregs in the peripheral blood and the MW protocol of chemotherapy reduces this cell subpopulation to control values.<br/><br/><br/>Keywords: dogs, multicentric lymphoma, flow cytometry, regulatory T cells
520 ## - NOTA DE RESUMO
Nota de conteúdo <br/><br/><br/>RESUMO - O linfoma é a neoplasia hematopoiética mais comum nos cães e uma das mais frequentes, dentre todas as neoplasias, nesta espécie. Apresenta-se em diversas localizações anatômicas e pode apresentar classificações histológicas e imunofenotipos distintos. Dependendo da resposta imune do paciente frente à instalação de um tumor, algumas informações sobre o prognóstico podem ser obtidas. Atualmente, as células T reguladoras (Tregs) vêm sendo estudadas em algumas neoplasias caninas, por seu comprovado potencial imunossupressor, principalmente por inibir a resposta antitumoral. Neste contexto, o presente trabalho teve como objetivos quantificar, por citometria de fluxo, as células Tregs em sangue periférico de cães com linfoma multicêntrico de imunofenótipos B e T, respectivamente 14 e 8 cães, no momento do diagnóstico e após o primeiro ciclo de quimioterapia antineoplásica com o protocolo Madison-Wisconsin (MW) de 19 semanas adaptado, e comparar com cães saudáveis (n=10), buscando quantificá-las em cães com linfoma de diferentes imunofenótipos antes e após a 5ª semana do protocolo MW. Os resultados mostraram que cães com linfoma apresentaram uma porcentagem significativamente maior de Tregs (18,84±2,56) quando comparada aos cães sem neoplasia (4,70±0,50) (P<0,01). Além disso, após a quinta semana de tratamento houve uma significante redução da população de Tregs (7,54±1,08), atingindo valores semelhantes a dos cães controle (4,70±0,50) (P>0,05). Não houve diferença nas Tregs em relação aos imunofenotipos B (17,45±2,77) e T (21,27±5,27) (P>0,05). Concluiu-se que o linfoma em cães leva a um aumento de células Tregs e que o tratamento com o protocolo quimioterápico MW reduz significativamente as células Tregs em sangue periférico, atingindo valores próximos aos dos cães saudáveis.<br/><br/><br/>Palavras-chave: cães, linfoma multicêntrico, citometria de fluxo, células T reguladoras
650 ## - ASSUNTO - THESAGRO
Cabeçalho tópico ou nome geográfico CÃO
650 ## - ASSUNTO - THESAGRO
Cabeçalho tópico ou nome geográfico DOENÇA ANIMAL
650 ## - ASSUNTO - THESAGRO
Cabeçalho tópico ou nome geográfico DIAGNÓSTICO
650 ## - ASSUNTO - THESAGRO
Cabeçalho tópico ou nome geográfico NEOPLASIA
650 ## - ASSUNTO - THESAGRO
Cabeçalho tópico ou nome geográfico LINFOMA
650 ## - ASSUNTO - THESAGRO
Cabeçalho tópico ou nome geográfico BIOQUÍMICA
650 ## - ASSUNTO - THESAGRO
Cabeçalho tópico ou nome geográfico VETERINÁRIA
773 0# - ENTRADA ANALÍTICA
Host Biblionumber 1643
Registro do item 347389
Imprenta Belo Horizonte-MG Universidade Federal de Minas Gerais - Escola de Veterinaria 1983
Outro identificador 2024-8402
Título Arquivo Brasileiro de Medicina Veterinária e Zootecnia (Brazil)
ISSN 0102-0935
Colação v. 68(1) p. 1-9; (2016)
Número de controle de registro BR2024004279
856 ## - ACESSO E ENDEREÇO ELETRÔNICO
Identificador uniforme de recurso - URI https://www.scielo.br/j/abmvz/a/yzV7DDVfsS9bPW5J9C7DKRq/?format=pdf&lang=en

Nenhum exemplar disponível.

BINAGRI

Telefone: (61)3218-2567/2388/3357/2097 - binagri@agro.gov.br

Ministério da Agricultura e Pecuária , Esplanada dos Ministérios, Bloco D, Anexo B, Brasília/DF, CEP: 70.043-900